000 00668nam a2200229Ia 4500
001 10934
008 171031s1964 ii a g b000 u 465 u
082 _a350.954
100 _aDwarkadas, R. .
245 0 _aReflections on Indian Administration /
_cR. Dwarkadas.
_hTextual Documents
250 _a1st ed. /
260 _aAllahabad :
_bKitab Mahal ,
_c1964.
300 _a172p. :
_bill. ;
_c22cm .
504 _aIndex
653 _aPolitical Science-Administration
653 _aAdministration-India
653 _aIndian administration
653 _aPublic administration-India
653 _aMS-Political Science
653 _aT/G-Economics
942 _2ddc
_cBK
999 _c10921
_d10921